| 000 | 00550nam a22002057a 4500 | ||
|---|---|---|---|
| 003 | koha_MIRAKIL | ||
| 005 | 20231213100127.0 | ||
| 008 | 231213b |||||||| |||| 00| 0 ||| d | ||
| 020 | _b978-9-94432145-7 | ||
| 040 |
_aTR-IsEVY _btur _cTR-IsEVY |
||
| 082 | _a956.1015 ŞU | ||
| 100 | _acompiled by Tolga Uslubaş. | ||
| 245 | 0 | _aŞu ilginç tarihimiz | |
| 250 | _a2. bs. | ||
| 260 |
_bKarma Kitaplar, _c2011 |
||
| 300 | _a267 s. | ||
| 650 | _aTurkey -- History -- Miscellanea. | ||
| 650 | _aTürkiye -- Tarih -- Derleme. | ||
| 942 |
_2ddc _cBK |
||
| 999 |
_c14949 _d14949 |
||